1928 1920 1857 1201 1818 1933 1138 1727 1422 1303 1815 1393 1764 1728 1772 1900 1597 1828 1821 1185 1072 1018 1772 1385 1008 1197 1631 1245 1930 1325 1148 1400 1044 1199 1255 1504 1502 1538 1268 1469 1612 1100 1258 1638 1319 1889 1188 1212 1515 1099 1797 1098 1125 1574 1559 1671 1709 1413 1117 1154 1013 1904 1331 1435 1528 1617 1137 1624 1351 1657 1240 1079 1097 1917 1543 1652 1113 1758 1672 1291 1727 1525 1624 1126 1347 1884 1109 1537 1455 1422 1524 1554 1629 1082 1504 1501 1282 1094 1175 BCNSPRNW ULIB Ver.6.0+V

เปลี่ยนเป็นภาษาไทย

Change to English
 แสดงรายละเอียดบรรณานุกรม
  กลับหน้าหลัก

Brief Record : Get Marc (ISO 2709) : E-mail record : QR code < ปิดหน้าต่าง
LEADER : 00000nam 2200000uu 4500
001    13399112188
003     ULIB
008    110729s2551||||th 000 0 tha d
020    9789744140609
040    cl
041    tha^heng
050  4 HD37^bส866ท 2551
100 1  ราฟโฟนี, เมลิสสา
245 10 ทักษะการบริหารเวลา =^bManaging time /^cMelissa Raffoni ;แปลและเรียบเรียงโดย สุรีพร พึ่งพุทธคุณ
246 31 Managing time
250    พิมพ์ครั้งที่ 1
260    กรุงเทพฯ :^bเอ็กซเปอร์เน็ท,^c2551
300    179 หน้า ;^c24 ซม.
440  0  คู่มือพัฒนาทักษะผู้นำจากมหาวิทยาลัยฮาร์วาร์ด
650  4 การบริหารเวลา
700 1  Raffoni, Melissa.^tManaging time
700 0  สุรีพร พึ่งพุทธคุณ,^eผู้แปล
945    ^p160^l0^i024626
945    ^p160^l0^i024625
945    ^p160^l0^i024375
995    ทศพร
999 ^a ทศพร
รายการนี้ยังไม่มีแท็ก
คุณยังไม่ได้ล็อกอิน คุณสามารถมีกิจกรรมร่วมกับเว็บไซต์ได้ แต่ต้องล็อกอินก่อน ::
  ล็อกอิน

รายการสื่อสารสนเทศ

ลำดับที่ ประเภท เลขเรียก/บาร์โค้ด สถานที่ สถานะ
1. การศึกษาทั่วไป
การศึกษาทั่วไป
HD37 ส866ท 2551 ฉ.3 
  Barcode: 024626
ห้องสมุดวิทยาเขตนครสวรรค์
►หนังสือทั่วไป:l:General Books
บนชั้น

รายการใกล้เคียง
    ผู้แต่ง [ราฟโฟนี, เมลิสสา]

    หัวเรื่อง [การบริหารเวลา]

BibComment


ยังไม่เคยถูกคอมเมนท์

คอมเมนท์ทรัพยากรรายการนี้
  คอมเมนท์: ทักษะการบริหารเวล..


 Copyright 2026. Bcnsprnw @Library